[Event "2017 South African Open Ch"]
[Site "Durban"]
[Date "2017.07.16"]
[Round "5"]
[White "Naidu, Sayen"]
[Black "Mosenya, Ndawana"]
[Result "0-1"]
[WhiteElo "1865"]
[BlackElo "2062"]
[Annotator "NA"]
[PlyCount "102"]
[EventDate "2017.??.??"]
[EventCountry "RSA"]
[SourceTitle "playchess.com"]
[Source "ChessBase"]
[SourceQuality "1"]
[TimeControl "5400+30"]

1. e4 {[%emt 0:00:00]} e6 {[%emt 0:00:32]} 2. d4 {[%emt 0:00:54]} d5 {[%emt 0:03:10]} 3. Nc3 {[%emt 0:00:14]} Nf6 {[%emt 0:00:10]} 4. Bg5 {[%emt 0:00:41]} Bb4 {[%emt 0:00:06]} 5. e5 {[%emt 0:01:51]} h6 {[%emt 0:00:05]} 6. Bd2 {[%emt 0:00:13]} Bxc3 {[%emt 0:00:09]} 7. bxc3 {[%emt 0:00:26]} Ne4 {[%emt 0:00:05]} 8. Qg4 {[%emt 0:01:12]} Kf8 {[%emt 0:00:13]} 9. h4 {[%emt 0:01:30]} c5 {[%emt 0:00:40]} 10. Bd3 {[%emt 0:03:37]} Nxd2 {[%emt 0:00:51]} 11. Kxd2 {[%emt 0:00:02]} c4 {[%emt 0:00:24]} 12. Be2 {[%emt 0:00:57]} Nc6 {[%emt 0:00:30]} 13. Rh3 {[%emt 0:01:01]} Bd7 {[%emt 0:00:09]} 14. Rg3 {[%emt 0:06:12]} Rg8 {[%emt 0:01:30]} 15. Nh3 {[%emt 0:14:56]} b5 {[%emt 0:00:24]} 16. Nf4 {[%emt 0:05:46]} Ne7 {[%emt 0:00:51]} 17. Nh5 {[%emt 0:07:58]} Nf5 {[%emt 0:00:24]} 18. Rh3 {[%emt 0:03:50]} b4 {[%emt 0:00:20]} 19. cxb4 {[%emt 0:04:15]} Qb6 {[%emt 0:00:05]} 20. c3 {[%emt 0:06:02]} a5 {[%emt 0:00:06]} 21. b5 {[%emt 0:02:54]} Qxb5 {[%emt 0:00:49]} 22. Rc1 {[%emt 0:02:44]} Qb2+ {[%emt 0:00:35]} 23. Rc2 {[%emt 0:00:36]} Qa3 {[%emt 0:00:48]} 24. Qf4 {[%emt 0:06:02]} Ba4 {[%emt 0:01:15]} 25. Rc1 {[%emt 0:01:16]} Rb8 {[%emt 0:01:33]} 26. Bd1 {[%emt 0:06:30]} Qxa2+ {[%emt 0:11:17]} 27. Ke1 {[%emt 0:01:07]} Bxd1 {[%emt 0:00:51]} 28. Rxd1 {[%emt 0:00:39]} Qc2 {[%emt 0:07:08]} 29. g4 {[%emt 0:05:05]} Rb2 {[%emt 0:03:16]} 30. Qf3 {[%emt 0:02:26]} Ne7 {[%emt 0:05:53]} 31. Qe3 {[%emt 0:07:07]} a4 {[%emt 0:02:10]} 32. Rd2 {[%emt 0:02:26]} Qc1+ {[%emt 0:01:12]} 33. Rd1 {[%emt 0:01:09]} Qc2 {[%emt 0:03:57]} 34. Rd2 {[%emt 0:00:15]} Rb1+ {[%emt 0:00:18]} 35. Ke2 {[%emt 0:00:27]} Qc1 {[%emt 0:00:23]} 36. Ng3 {[%emt 0:00:27]} Qe1+ {[%emt 0:03:30]} 37. Kf3 {[%emt 0:00:13]} Qxe3+ {[%emt 0:00:46]} 38. fxe3 {[%emt 0:01:24]} Rb3 {[%emt 0:00:51]} 39. Ra2 {[%emt 0:00:55]} a3 {[%emt 0:00:55]} 40. Rh1 {[%emt 0:01:31]} g5 {[%emt 0:00:28]} 41. h5 {[%emt 0:01:31]} Kg7 {[%emt 0:00:20]} 42. Rha1 {[%emt 0:01:20]} Ra8 {[%emt 0:03:13]} 43. Ne2 {[%emt 0:00:06]} Ng8 {[%emt 0:02:13]} 44. e4 {[%emt 0:01:32]} Ne7 {[%emt 0:00:52]} 45. Ke3 {[%emt 0:00:33]} Nc6 {[%emt 0:00:21]} 46. Kd2 {[%emt 0:00:34]} dxe4 {[%emt 0:00:30]} 47. Kc2 {[%emt 0:00:33]} Ra5 {[%emt 0:06:22]} 48. Rb1 {[%emt 0:00:08]} Rab5 {[%emt 0:00:39]} 49. Rba1 {[%emt 0:00:26]} Rb2+ {[%emt 0:00:13]} 50. Kd1 {[%emt 0:00:35]} e3 {[%emt 0:01:48]} 51. Rxa3 {[%emt 0:00:44]} Rd2+ {[%emt 0:00:07]} 0-1

[Event "2017 South African Open Ch"]
[Site "Durban"]
[Date "2017.07.17"]
[Round "6"]
[White "Grover, Sahaj"]
[Black "Mwali, Chitumbo"]
[Result "1/2-1/2"]
[WhiteElo "2484"]
[BlackElo "2356"]
[Annotator "TA"]
[PlyCount "89"]
[EventDate "2017.??.??"]
[EventCountry "RSA"]
[SourceTitle "playchess.com"]
[Source "ChessBase"]
[SourceQuality "1"]

{[%evp 23,89,41,55,23,43,26,27,23,27,4,9,-12,-11,-8,-3,-35,-22,-6,-11,-13,-12,-9,-18,-21,-9,0,-3,-91,25,25,39,30,41,45,57,10,20,6,10,0,0,0,0,0,0,-2,-2,-4,-5,-42,0,-75,-73,-78,-75,-79,-78,-77,-81,-70,-69,-66,-66,-94,-69,-81,-78,-83]} 1. e4 e5 2. Nf3 Nc6 3. Bb5 a6 4. Ba4 Nf6 5. O-O b5 6. Bb3 Be7 7. Qe2 O-O 8. c3 d6 9. Rd1 Na5 {[%cal Bc6a5,Ba5c4,Bc4e3][%mdl 32]} 10. Bc2 c5 11. d4 Qc7 12. d5 Ne8 {LiveBook: 4 Games. C86: Closed Ruy Lopez: Worrall Attack} (12... Bd7 13. b3 Ne8 14. a4 bxa4 15. bxa4 g6 16. Bh6 Ng7 17. Na3 Bg4 18. h3 Bxf3 19. Qxf3 Rfb8 20. Rab1 Rxb1 21. Rxb1 {1-0 (57) Rapport,R (2720)-Mista,A (2616) Germany 2015}) 13. b4 Nc4 14. a4 Rb8 {White has an edge.} 15. axb5 axb5 16. Nfd2 $146 ({Predecessor:} 16. bxc5 dxc5 17. Nbd2 Ned6 18. Nxc4 bxc4 19. Nxe5 Nb5 20. Nxc4 Nxc3 21. Qd3 Nxd1 22. d6 Bxd6 23. e5 Bf5 24. Qxf5 g6 25. exd6 Qxd6 26. Nxd6 {1-0 (26) Raidna,R-Ljungman,R IECG email 1999}) 16... cxb4 17. cxb4 Ne3 18. Qxe3 {[#] Threatens to win with Bd3.} Qxc2 19. Re1 (19. Nc3 $5 {[%cal Ra1a2]} Bg5 20. Qxg5 Qxc3 21. Ra7 $11) 19... Bd8 20. Qc3 Qxc3 21. Nxc3 f5 22. exf5 Bxf5 23. Nde4 Bb6 24. Be3 Bd4 25. Ra6 {[#]} (25. h3 $11 {keeps the balance.}) 25... Bc8 (25... Rc8 $1 $17 26. g4 Bxc3 27. Nxc3 Rxc3 28. gxf5 Rxf5) 26. Ra5 $11 Bxc3 27. Nxc3 Nc7 28. Ra7 Rf7 29. f3 (29. f4 $5) 29... Bf5 30. Rc1 Bd3 31. Ne4 Nxd5 32. Nxd6 Rxa7 33. Bxa7 Ra8 34. Bc5 Nf4 35. Re1 Ra2 36. Bf2 (36. Rxe5 $5 {[%cal Re5e8]} Rxg2+ 37. Kh1 $11) 36... Bg6 (36... Bc4 $5) 37. Bg3 (37. h3 $11) 37... Rxg2+ $17 38. Kh1 {Strongly threatening Bxf4.} Rb2 39. Rxe5 Rb1+ 40. Re1 {aiming for Rxb1.} Rxb4 41. Bxf4 Rxf4 42. Nxb5 Rxf3 43. Nd4 Rd3 44. Ne6 Rd2 45. Nf4 {Precision: White = 36%, Black = 52%.} 1/2-1/2

[Event "2017 South African Open Ch"]
[Site "Durban"]
[Date "2017.07.17"]
[Round "6"]
[White "Makoto, Rodwell"]
[Black "Pon, Matt"]
[Result "1/2-1/2"]
[WhiteElo "2372"]
[BlackElo "2163"]
[Annotator "NA"]
[PlyCount "31"]
[EventDate "2017.??.??"]
[EventCountry "RSA"]
[SourceTitle "playchess.com"]
[Source "ChessBase"]
[SourceQuality "1"]
[TimeControl "5400+30"]

1. Nf3 {[%emt 0:00:00]} c5 {[%emt 0:00:13]} 2. c4 {[%emt 0:00:00]} Nc6 {[%emt 0:00:28]} 3. g3 {[%emt 0:00:00]} g6 {[%emt 0:00:19]} 4. Bg2 {[%emt 0:00:06]} Bg7 {[%emt 0:00:14]} 5. Nc3 {[%emt 0:00:15]} d6 {[%emt 0:00:48]} 6. O-O {[%emt 0:00:46]} Nf6 {[%emt 0:01:02]} 7. d4 {[%emt 0:00:16]} cxd4 {[%emt 0:00:39]} 8. Nxd4 {[%emt 0:00:08]} Bd7 {[%emt 0:00:21]} 9. b3 {[%emt 0:04:43]} O-O {[%emt 0:02:48]} 10. Bb2 {[%emt 0:00:17]} Qa5 {[%emt 0:04:07]} 11. Nd5 {[%emt 0:21:05]} Nxd5 {[%emt 0:03:18]} 12. Bxd5 {[%emt 0:00:16]} Qb6 {[%emt 0:18:26]} 13. e3 {[%emt 0:08:45]} a5 {[%emt 0:05:39]} 14. Bg2 {[%emt 0:06:09]} Rfe8 $11 {[%emt 0:04:41]} (14... a4 $5) 15. Qd2 {[%emt 0:05:57]} a4 {[%emt 0:04:53]} 16. Nxc6 {[%emt 0:00:23]} 1/2-1/2

[Event "2017 South African Open Ch"]
[Site "Durban"]
[Date "2017.07.17"]
[Round "6"]
[White "Kobese, Watu"]
[Black "Tavagwisa, Lawrence"]
[Result "0-1"]
[WhiteElo "2367"]
[BlackElo "1935"]
[Annotator "TA"]
[PlyCount "126"]
[EventDate "2017.??.??"]
[EventCountry "RSA"]
[SourceTitle "playchess.com"]
[Source "ChessBase"]
[SourceQuality "1"]

{[%evp 30,126,25,4,31,19,58,-63,-82,-82,-86,-84,-81,-77,-54,-55,-51,-125,-122,-115,-128,-156,-157,-150,-147,-171,-170,-167,-176,-196,-191,-202,-192,-234,-231,-254,-249,-363,-310,-298,-253,-317,-314,-296,-149,-149,-151,-217,-191,-195,-183,-187,-184,-323,-310,-315,-216,-389,-381,-534,-529,-29955,-29955,-29953,-12838,-29958,-29958,-29963,-5379,-29965,-29966,-29966,-29964,-29970,-29971,-29971,-29971,-29976,-29976,-29980,-29981,-29981,-29978,-29978,-29979,-29979,-29980,-29980,-29977,-29977,-29976,-29976,-29977,-29977,-29978,-29978,-29979,-29979,-29979]} 1. e4 e5 2. Nf3 Nf6 3. Nxe5 d6 4. Nf3 Nxe4 5. d4 d5 6. Bd3 Nc6 7. O-O Be7 8. c4 Nb4 9. Be2 O-O 10. a3 Nc6 11. cxd5 Qxd5 12. Nc3 Nxc3 13. bxc3 Bf5 14. Bf4 Rac8 {C42: Petroff Defence: 3 Nxe5 and unusual White 3rd moves} 15. Re1 Rfe8 16. Qa4 {LiveBook: 10 Games} (16. Qc1 Bf6 17. Qb2 Na5 18. Ne5 Qb3 19. Qd2 Bxe5 20. Bxe5 Nc4 21. Qg5 Nxe5 22. Qxf5 {½-½ (88) Salem,A (2622)-Ni,H (2693) Doha 2015}) 16... Bd6 {The position is equal.} 17. Bc4 Qa5 {[#]} 18. Bxf7+ $146 (18. Qb3 $14 Rf8 19. Ne5 (19. Qxb7 Nd8 $15)) ({Predecessor:} 18. Rxe8+ Rxe8 19. Qb3 Bg6 20. Bxd6 cxd6 21. Bd5 Qc7 {½-½ (53) Kryvoruchko,Y (2581)-Frolyanov,D (2498) Yerevan 2006}) 18... Kxf7 $15 19. Qc4+ Kf8 $1 ({Not} 19... Be6 $2 20. Rxe6 $1 {[%mdl 512]} Rxe6 21. Ng5+ Qxg5 22. Bxg5 $18) 20. Ng5 {[%csl Gg5][%cal Rc4f7]} Bg6 21. Ne6+ Kg8 (21... Rxe6 $5 22. Qxe6 Rd8 23. Bxd6+ cxd6 $15) 22. Nd8+ $1 Kh8 23. Nxb7 {[#]} (23. Rxe8+ $15 Bxe8 24. Nxb7) 23... Qb6 $1 $17 24. Nxd6 cxd6 25. Bxd6 Ne5 $36 {[%mdl 2048] Black is on the roll.} 26. Qb4 Nd3 27. Rxe8+ Bxe8 28. Qxb6 axb6 29. Kf1 Rxc3 30. Ke2 Bg6 31. Bg3 Kg8 32. a4 Nc1+ 33. Kd2 (33. Kf1 {is a better defense.}) 33... Rc2+ 34. Ke3 Nb3 35. Rd1 Rc3+ 36. Kf4 Rc1 (36... Bc2 $19 37. Re1 Nxd4) 37. Rxc1 Nxc1 38. Ke5 (38. Kg5 $17) 38... Nd3+ 39. Kd6 Nb2 40. d5 Nxa4 41. Kc7 (41. Bf4 $142) 41... b5 $19 42. d6 {d7 is the strong threat.} Be8 ({Weaker is} 42... Nc5 43. d7 $15) 43. d7 $2 {[#]} (43. Kd8 Kf7 44. d7 Bxd7 45. Kxd7) 43... Bxd7 $1 {[%mdl 512]} 44. Kxd7 {[%mdl 4096] Endgame KB-KN} (44. Bd6 {is the only way for White.} Be6 45. Ba3) 44... b4 45. Ke7 b3 46. Be5 b2 47. Bxb2 Nxb2 {KN-K3P} 48. f4 Nd3 (48... Nd1 $142 49. f5 Ne3 50. f6 gxf6 51. Kxf6 Nxg2 52. Kf5 Kg7 53. Kg5 Ne3 54. Kh5 h6 55. Kh4 Kg6 56. Kg3 Kg5 57. Kf3 Nf5 58. Ke4 h5 59. Kf3 Kh4 60. Kg2 Ne3+ 61. Kf2 Ng4+ 62. Kg2 Ne5 63. Kf2 Kh3 64. Ke3 Ng4+ 65. Kf4 Nxh2 66. Ke4 Kg3 67. Kf5 Nf3 68. Ke6 h4 69. Kd6 h3 70. Kd7 h2 71. Ke6 h1=Q 72. Kd6 Qh6+ 73. Kd5 Qb6 74. Kc4 Qc6+ 75. Kb3 Nd4+ 76. Kb4 Kh3 77. Ka3 Qc3+ 78. Ka2 Qb3+ 79. Ka1 Nc2#) 49. g3 Nf2 {Black mates.} 50. Ke6 Kf8 51. f5 Ng4 52. h3 Nf2 53. f6 Nxh3 54. fxg7+ Kxg7 {KN-KP} 55. Kf5 Kh6 56. g4 Ng5 57. Kf6 Nf3 58. Kf5 Kg7 59. Kf4 Nh4 60. Kg5 Ng6 61. Kh5 Ne5 62. Kg5 Nf7+ 63. Kf5 h6 {Precision: White = 25%, Black = 68%.} 0-1

[Event "2017 South African Open Ch"]
[Site "Durban"]
[Date "2017.07.17"]
[Round "6"]
[White "Mwale Joseph"]
[Black "Oatlhotse, Providence"]
[Result "0-1"]
[WhiteElo "2159"]
[BlackElo "2190"]
[Annotator "TA"]
[PlyCount "82"]
[EventDate "2017.??.??"]
[EventCountry "RSA"]
[SourceTitle "playchess.com"]
[Source "ChessBase"]
[SourceQuality "1"]

{[%evp 16,82,8,0,18,0,0,-16,-7,-8,-8,0,0,-74,-77,-89,-80,-91,-24,-23,0,-70,-68,-75,-35,-48,-42,-67,-75,-94,-89,-127,-89,-97,-53,-84,-69,-91,-77,-104,-85,-199,-202,-202,-183,-226,-204,-331,-292,-260,-272,-273,-286,-283,-268,-262,-240,-386,-386,-380,-346,-29984,-29985,-29985,-29986,-29989,-29990,-29989,-29990]} 1. Nf3 Nf6 2. g3 d5 3. Bg2 c6 4. O-O Bg4 5. d4 Nbd7 6. c4 e6 7. Nc3 Be7 8. b3 O-O 9. Bb2 {LiveBook: 71 Games} Rc8 {D11: Slav Defence: 3 Nf3 sidelines and 3...Nf6 4 e3 Bg4} (9... h6 10. Re1 Bf5 11. Nd2 Qc7 12. Rc1 Qb6 13. h3 Rad8 14. a3 a5 15. c5 Qc7 16. f4 b6 17. b4 axb4 18. axb4 bxc5 19. bxc5 {½-½ (86) Zaragatski,I (2502)-Van Haastert,E (2449) Belgium 2016}) 10. Re1 (10. h3 $5 {[%cal Rh3g4]} Bf5 11. Nh4 $11) 10... Qa5 $146 ({Predecessor:} 10... Qb6 11. Qd2 Bb4 12. h3 Bf5 13. Rac1 Ne4 14. Qe3 Qa5 {1-0 (36) Krasnov,S (1885)-Sherwood,P (1703) San Francisco 2006}) 11. Qd2 {aiming for Nxd5.} Qa6 {The position is equal.} 12. c5 b6 13. b4 bxc5 14. dxc5 (14. bxc5 $11 {keeps the balance.} h6 15. h3) 14... Qb7 $17 15. a3 {[#]} a5 $1 {[%mdl 512]} 16. Na4 (16. bxa5 Nxc5) 16... Qb5 (16... Ne4 $17 17. Qf4 Bf5) 17. Nc3 $11 Qb7 18. Na4 axb4 19. axb4 Rb8 20. Nd4 e5 21. Nc2 Bf5 22. Ba3 Ne4 $36 {[%mdl 2048] Keeping White busy.} 23. Qd1 Rbd8 24. f3 Nef6 25. e3 h5 {[%cal Bh7h5,Bh5h4][%mdl 32]} 26. Nc3 Rfe8 27. h3 Nf8 28. Kh2 (28. h4 $17) 28... Ne6 $19 29. Ne2 Qb8 30. f4 {[#]} h4 $1 {[%mdl 512] Hoping for ...d4.} 31. g4 (31. fxe5 {was worth a try.} Bxc2 32. Qxc2 Qxe5 33. Bb2 hxg3+ 34. Kh1 Qxe3 35. Ra3) (31. gxh4 exf4) 31... Bxc2 ({Much less strong is} 31... exf4 32. gxf5 f3+ 33. Kg1 $17) 32. Qxc2 exf4 33. exf4 Nxf4 34. Nxf4 Qxf4+ 35. Kh1 Qg3 36. Bb2 {[#]} (36. Rf1 $142) 36... Ne4 $1 {[%cal Re4f2][%mdl 512] Strongly threatening ...Nf2+.} 37. Rf1 (37. Bxe4 dxe4) 37... Bg5 {Threatens to win with ...Bf4.} 38. Ra7 $2 (38. Bd4 $19) 38... Bf4 {Black mates.} 39. Rxf4 Qxf4 40. Ra1 Ng3+ 41. Kh2 Re2 {Precision: White = 19%, Black = 71%.} 0-1

[Event "2017 South African Open Ch"]
[Site "Durban"]
[Date "2017.07.17"]
[Round "6"]
[White "Mnguni, Jacob Dumisani"]
[Black "Solomons, Deon"]
[Result "1-0"]
[WhiteElo "2147"]
[BlackElo "2120"]
[Annotator "TA"]
[PlyCount "57"]
[EventDate "2017.??.??"]
[EventCountry "RSA"]
[SourceTitle "playchess.com"]
[Source "ChessBase"]
[SourceQuality "1"]

{[%evp 19,57,35,61,66,60,30,49,39,93,86,118,101,114,115,117,104,137,129,136,109,120,112,145,89,111,61,91,88,131,141,163,111,197,227,273,271,270,259,312,312]} 1. c4 Nf6 2. Nf3 d6 3. g3 g6 4. Bg2 Bg7 5. O-O O-O 6. d4 Nbd7 7. b3 c5 8. Bb2 Rb8 9. Nc3 a6 10. dxc5 dxc5 {LiveBook: 3 Games. E65: King's Indian: Fianchetto: 6...c5 7 0-0 without d5 by White} (10... Nxc5 11. Rc1 Bd7 12. Nd4 b5 13. cxb5 axb5 14. b4 Na6 15. a3 Qb6 16. Qd2 Rfc8 17. Nd5 Nxd5 18. Bxd5 {½-½ (18) Nguyen,H (2448)-Amonatov,F (2619) New Delhi 2017}) 11. Qd3 Qa5 $146 ({Predecessor:} 11... b6 12. Rfd1 Bb7 13. a4 Bc6 14. Rd2 Qc8 15. e4 e6 16. h3 Qb7 17. Re1 Rfd8 18. Qe3 Ne8 19. Ne5 {½-½ (19) Andi,P (2199)-Kiss,L (2178) Hungary 2006}) 12. h3 Re8 {White has an edge.} 13. Qc2 h6 (13... b5 $14) 14. e4 $16 {e5 is the strong threat.} e5 15. Nd5 Nxd5 16. cxd5 b5 17. a4 Qb6 18. axb5 axb5 19. Ra2 Bb7 20. h4 Qd6 21. Bh3 ({White should play} 21. Rfa1) 21... Nb6 22. Ba3 b4 23. Bb2 $36 {[%mdl 2048] Keeping Black busy.} f5 {[#]} 24. Nd2 $1 Kh8 {intending ...fxe4.} 25. f3 (25. Ra7 $18) 25... f4 (25... Ra8 $16 26. Rfa1 Kg8) 26. gxf4 $18 Qf6 27. fxe5 {White has a decisive advantage.} Qxh4 28. Bg2 Rxe5 29. Qxc5 {Precision: White = 52%, Black =  8%.} 1-0

[Event "2017 South African Open Ch"]
[Site "Durban"]
[Date "2017.07.17"]
[Round "6"]
[White "Mosenya, Ndawana"]
[Black "Masango, Spencer"]
[Result "0-1"]
[WhiteElo "2062"]
[BlackElo "2203"]
[Annotator "TA"]
[PlyCount "126"]
[EventDate "2017.??.??"]
[EventCountry "RSA"]
[SourceTitle "playchess.com"]
[Source "ChessBase"]
[SourceQuality "1"]

{[%evp 14,126,-20,-21,12,-40,0,-59,-51,-54,-66,-67,-21,-74,-44,-64,-48,-44,-51,-57,-22,-70,-58,-67,-36,-70,-50,-123,-91,-101,-95,-117,-112,-157,-88,-85,-76,-104,-75,-97,-77,-148,-156,-225,-220,-297,-299,-397,-261,-321,-227,-227,-227,-227,-222,-220,-206,-217,-178,-229,-228,-221,-198,-227,-227,-223,-217,-281,-273,-273,-271,-271,-271,-257,-242,-541,-494,-1304,-6619,-1069,-9930,-6219,-5736,-11687,-10441,-11664,-10837,-11078,-4631,-29940,-12850,-6193,-10104,-11331,-8618,-6103,-5591,-4627,-4627,-29975,-29976,-29976,-29977,-29973,-29974,-29965,-29970,-29981,-29982,-29981,-29982,-29988,-29988,-29990,-29991]} 1. Nf3 Nf6 2. d4 e6 3. g3 b6 4. Bg2 Bb7 5. O-O c5 6. c3 Be7 7. Bf4 O-O {A47: 1 d4 Nf6 2 Nf3 b6: Torre, London and Colle Systems} 8. Nbd2 {LiveBook: 3 Games} (8. Re1 d6 9. Na3 a6 10. Rc1 Qc7 11. Nc4 Rd8 12. a4 Nbd7 13. b4 Bd5 14. Ne3 Be4 15. a5 {0-1 (53) Pezerovic,E (2455)-Drozdovskij,Y (2608) Bad Wiessee 2010}) 8... Nd5 9. Ne1 $146 (9. Bxb8 $11 Rxb8 10. e4) ({Predecessor:} 9. Bxb8 Rxb8 10. e4 Nf6 11. Qe2 d6 12. Rfe1 cxd4 13. Nxd4 Nd7 14. a4 a6 15. f4 {0-1 (43) Menon,S (2194)-Bradford,J (2453) Gibraltar 2007}) 9... Qc8 {Black is slightly better.} 10. Bxd5 ({White should try} 10. Bxb8 $11 Rxb8 11. e4) 10... Bxd5 $15 11. e4 Bb7 12. Ng2 f5 13. f3 (13. exf5 $11 Qc6 14. f3) 13... Qe8 14. exf5 Rxf5 15. Ne4 cxd4 16. cxd4 Qf8 17. Ne3 Rxf4 18. gxf4 Qxf4 (18... d5 $5 {[%cal Rd5e4]} 19. Ng3 Qxf4 $15) 19. Ng2 Qf5 {[%mdl 1024] Black has compensation.} 20. Ng3 (20. Ne3 $15 Qg6+ 21. Kh1) 20... Qf7 21. Rc1 Nc6 22. a3 Rf8 23. Ne4 d5 ({Black should play} 23... e5 24. dxe5 Nxe5) 24. Ng3 $17 Bf6 25. Ne2 e5 {[%cal Rc6d4]} 26. dxe5 Bxe5 27. Qd2 (27. Rc2 $142) 27... Na5 $36 {[%cal Bc6a5,Ba5b3,Bb3c1][%mdl 2080] [#] Threatens to win with ...Nb3. White is under strong pressure.} 28. f4 (28. Qc2 $17) 28... Nb3 $19 29. Qb4 Nxc1 30. Rxc1 Ba6 31. Re1 Bxe2 32. Rxe2 Bxf4 33. Nxf4 Qxf4 34. Qxf4 Rxf4 {[%mdl 4096] Endgame KR-KR} 35. Re7 Ra4 36. Rd7 (36. Rb7 $142) 36... Ra5 37. Kf2 Rb5 38. Rxa7 Rxb2+ 39. Kg3 d4 {[%cal Bd5d4,Bd4d3,Bd3d2][%mdl 32]} 40. h4 d3 41. Rd7 d2 42. Kf4 h6 43. Kf5 Kh7 44. Ke6 $2 (44. h5 {was necessary.}) 44... Ra2 45. h5 (45. Kf5 $142 Rxa3 46. Rxd2) 45... Rxa3 46. Rxd2 Ra5 47. Rh2 Rg5 48. Kf7 b5 49. Rh4 {[#]} b4 $1 50. Rxb4 Rxh5 (50... Rf5+ $142 51. Ke7 Rxh5) 51. Ke6 Ra5 52. Rc4 h5 {[%cal Bh6h5,Bh5h4,Bh4h3,Bh3h2][%mdl 32]} 53. Rb4 Kh6 54. Rb8 Kg5 55. Rg8 g6 {[%cal Bg7g6,Bg6g5,Bg5g4][%mdl 32]} 56. Kf7 Ra6 {Black mates.} 57. Rb8 h4 58. Rb4 Kh5 59. Rb8 g5 60. Rb3 g4 61. Rb5+ Kh6 62. Kg8 h3 63. Rc5 h2 {Precision: White = 27%, Black = 68%.} 0-1

[Event "2017 South African Open Ch"]
[Site "Durban"]
[Date "2017.07.17"]
[Round "6"]
[White "Goosen, Anton"]
[Black "Salimu, Reuben"]
[Result "0-1"]
[WhiteElo "2004"]
[BlackElo "1968"]
[Annotator "NA RC"]
[PlyCount "100"]
[EventDate "2017.??.??"]
[EventCountry "RSA"]
[SourceTitle "playchess.com"]
[Source "ChessBase"]
[SourceQuality "1"]
[TimeControl "5400+30"]

1. d4 {[%emt 0:00:00]} d5 {[%emt 0:00:48]} 2. Bf4 {[%emt 0:00:00]} Nf6 {[%emt 0:00:12]} 3. e3 {[%emt 0:00:00]} c5 {[%emt 0:00:06]} 4. c3 {[%emt 0:00:52]} Nc6 {[%emt 0:00:24]} 5. Nd2 {[%emt 0:00:16] D00: 1 d4 d5: Unusual lines} Qb6 {[%emt 0:00:14]} 6. Qb3 {[%emt 0:00:39]} c4 {[%emt 0:00:10]} 7. Qc2 {[%emt 0:00:17]} Nh5 {[%emt 0:03:20]} 8. Bg5 {[%emt 0:01:20]} e5 {[%emt 0:01:43]} (8... h6 9. Bh4 g5 10. Be2 Ng7 11. Bg3 Bf5 12. Qc1 e6 {1-0 (41) Carlsen,M (2832)-So,W (2812) Leuven 2017}) 9. Be2 {[%emt 0:01:59]} Nf6 {[%emt 0:00:57]} 10. b3 $146 {[%emt 0:06:13]} ({Predecessor:} 10. dxe5 Nxe5 11. Ngf3 Ng6 12. O-O Bc5 {1-0 (30) Pourramezanali,A (2432)-Khalafova,N (2114) Nakhchivan 2015}) 10... cxb3 {[%emt 0:00:26]} 11. axb3 {[%emt 0:00:17]} exd4 {[%emt 0:00:12]} 12. exd4 {[%emt 0:00:20]} Be7 {[%emt 0:00:20]} 13. Ngf3 {[%emt 0:00:12]} Bg4 {[%emt 0:00:44]} 14. O-O {[%emt 0:01:16]} O-O {[%emt 0:00:55]} 15. Rfe1 {[%emt 0:01:14]} Rac8 {[%emt 0:00:34]} 16. Qa2 Rfe8 {[%emt 0:11:09]} 17. Be3 {[%emt 0:12:03]} Qc7 {[%emt 0:04:05]} 18. Bb5 {[%emt 0:01:19]} a6 {[%emt 0:00:27]} 19. Bd3 {[%emt 0:01:41]} Bd6 {[%emt 0:00:37]} 20. h3 {[%emt 0:00:37]} Bh5 {[%emt 0:00:34]} 21. Bg5 {[%emt 0:04:18]} Bg6 {[%emt 0:06:21]} 22. Bxg6 {[%emt 0:00:28]} hxg6 {[%emt 0:00:02]} 23. Bxf6 {[%emt 0:02:50]} gxf6 {[%emt 0:00:17]} 24. Nf1 {[%emt 0:00:38]} Ne7 {[%emt 0:01:24]} 25. Rac1 {[%emt 0:01:06]} Nf5 {[%emt 0:00:58]} 26. Rxe8+ {[%emt 0:07:18]} Rxe8 {[%emt 0:00:55]} 27. c4 {[%emt 0:00:45]} Bf4 {[%emt 0:02:08]} 28. Rc2 {[%emt 0:00:29]} Qd7 {[%emt 0:01:32]} 29. c5 {[%emt 0:00:59]} Re4 {[%emt 0:02:42]} 30. c6 {[%emt 0:02:38]} bxc6 {[%emt 0:01:16]} 31. Qxa6 {[%emt 0:00:12]} Nxd4 {[%emt 0:00:19]} 32. Nxd4 {[%emt 0:00:13]} Rxd4 {[%emt 0:00:09]} 33. Rxc6 {[%emt 0:02:22]} Re4 {[%emt 0:02:57]} 34. Rxf6 {[%emt 0:02:34]} Kg7 {[%emt 0:00:26]} 35. Rb6 {[%emt 0:08:18]} d4 {[%emt 0:04:11]} 36. Qd3 {[%emt 0:03:08]} Re1 {[%emt 0:00:22]} 37. Rb4 {[%emt 0:04:41]} Be5 {[%emt 0:00:37]} (37... Bh2+ $5 38. Kh1 Be5 $15) 38. f4 {[%emt 0:00:59]} (38. Ra4 $11) 38... Bxf4 {[%emt 0:01:43]} 39. Kf2 {[%emt 0:06:40]} Qe7 {[%emt 0:06:24]} 40. Qxd4+ $2 {[%emt 0:03:57]} ({White must play} 40. Rxd4 $15 Bc7 41. Ne3) 40... Be5 {[%emt 0:00:42]} 41. Qd2 {[%emt 0:00:44]} Rb1 $19 {[%emt 0:03:25]} 42. Qe3 {[%emt 0:17:48]} Qxb4 {[%emt 0:02:49]} 43. Qxe5+ {[%emt 0:00:00]} Kh7 {[%emt 0:00:32]} 44. Ne3 {[%emt 0:01:22]} Rxb3 {[%emt 0:03:27]} 45. Ng4 {[%emt 0:00:23]} Qb6+ {[%emt 0:01:38]} 46. Ke2 {[%emt 0:00:52]} Rb2+ {[%emt 0:00:32]} 47. Kf3 {[%emt 0:00:12]} Rb3+ {[%emt 0:00:48]} 48. Ke2 Qa6+ {[%emt 0:00:42]} 49. Kf2 {[%emt 0:00:58]} Qa7+ {[%emt 0:01:50]} 50. Ke2 {[%emt 0:00:12]} Qa2+ {[%emt 0:00:41]} 0-1